| 000 | 00794cam a2200277 4500 | ||
|---|---|---|---|
| 001 | ABS66673 | ||
| 008 | 030509n2003 000 0 eng u | ||
| 035 | _a(Sirsi) u122233 | ||
| 245 | _aRegional survey: Kent | ||
| 260 | _c2003 | ||
| 490 |
_aProperty Week _v68(13) 4 April 2003, 63-76(8) |
||
| 590 | _aABS | ||
| 650 | _aTHAMES GATEWAY | ||
| 650 | _aKENT | ||
| 650 | _aPROPERTY-COMMERCIAL PROPERTY-OFFICE PROPERTY-OFFICE PROPERTY MARKET | ||
| 650 | _aPROPERTY-COMMERCIAL PROPERTY-RETAIL PROPERTY-RETAIL PROPERTY MARKET | ||
| 650 | _aINDUSTRIAL MARKET | ||
| 650 | _aTHAMESMEAD | ||
| 650 | _aSWALE | ||
| 650 | _aMEDWAY | ||
| 650 | _aCHATHAM | ||
| 650 | _aMAIDSTONE | ||
| 650 | _aCANTERBURY | ||
| 690 | _aPROPERTY-COMMERCIAL PROPERTY-COMMERCIAL PROPERTY MARKET | ||
| 942 | _n0 | ||
| 999 |
_c72643 _d72643 |
||